000 00782nam a2200277 i 4500
001 C2-0334706
003 PPAK
005 20180728134438.0
008 151112s2014 my a|||| ||||| | may d
020 _a9789670604688
040 _aPPAK
_beng
_cPPAK
_erda
082 0 4 _a899.233
_223
090 0 0 _a899.233
_bNUR
_dK
100 0 _aNur Shamsiah On,
_d1973-
_eauthor
245 1 0 _aChoral diva / Anastasia
264 1 _aKuala Lumpur :
_bAna Muslim ,
_c2014
300 _a176 pages :
_billustrations ;
_c17 cm
336 _2rdacontent
_atext
337 _2rdamedia
_aunmediated
338 _2rdacarrier
_avolume
490 1 _aSiri Diva VOGS
650 1 0 _aMalay fiction.
700 0 _aNooraishah Hassan ; Amalina Aida,
_eeditor
830 0 _aSiri Diva VOGS
942 _ddc
_cB
999 _c133141
_d133141